[Event "Championnat de France - Open A"]
[Site "Belfort - SNPHHUATVS"]
[Date "2010.08.12"]
[Round "3.4"]
[White "Ricter, Jean-Paul"]
[Black "Ternault, Mathieu"]
[Result "1-0"]
[WhiteElo "2083"]
[BlackElo "1989"]
[PlyCount "109"]
[EventDate "2010.??.??"]

1. e4 e6 2. d3 d5 3. Nd2 Nf6 4. g3 c5 5. Bg2 Nc6 6. Ngf3 b6 7. O-O Bb7 8. exd5
exd5 9. Re1+ Be7 10. Nf1 O-O 11. Ne3 g6 12. h3 b5 13. Nh2 Kg7 14. Neg4 Ng8 15.
Nf3 h5 16. Ne3 Bf6 17. Nd2 Nd4 18. c3 Ne6 19. Nc2 Qd7 20. Nf3 Ne7 21. d4 c4 22.
Ne5 Bxe5 23. Rxe5 f6 24. Re1 Nf5 25. Ne3 Nxe3 26. Bxe3 a5 27. Qd2 Rfe8 28. h4
Qd6 29. Re2 b4 30. Rae1 Bc6 31. Qd1 a4 32. cxb4 Qxb4 33. a3 Qd6 34. Bc1 Bd7 35.
Qd2 Rh8 36. Qd1 Rhe8 37. Be3 Rab8 38. Qc1 Rb3 39. Bd2 Rd3 40. Bc3 Kf7 41. Qh6
Rg8 42. Bh3 f5 43. Bg2 f4 44. Bb4 Qb8 45. Bxd5 fxg3 46. f4 Qd8 47. Rxe6 Bxe6
48. Bxe6+ Kf6 49. Qg5+ Kg7 50. Qe5+ Kh7 51. Bxg8+ Kxg8 52. Qe6+ Kh8 53. Bd6
Qxh4 54. Be5+ Kh7 55. Qf7+ 1-0

[Event "Championnat de France - Open A"]
[Site "Belfort - SNPHHUATVS"]
[Date "2010.08.12"]
[Round "3.5"]
[White "Lagunes, Jean-Renaud"]
[Black "Viennot, Dylan"]
[Result "1/2-1/2"]
[WhiteElo "2074"]
[BlackElo "1969"]
[PlyCount "132"]
[EventDate "2010.??.??"]

1. e4 e6 2. d4 d5 3. Nc3 Nf6 4. Bg5 Be7 5. e5 Nfd7 6. h4 Nc6 7. Nf3 Nb6 8. Bb5
h6 9. Bxe7 Qxe7 10. b3 Bd7 11. Bxc6 Bxc6 12. Qd2 a6 13. h5 Bd7 14. Ne2 Rc8 15.
Rh3 c5 16. dxc5 Qxc5 17. Ned4 Qc3 18. Qxc3 Rxc3 19. Kd2 Rc7 20. Nh4 Ke7 21. f4
Be8 22. Rah1 Nd7 23. Nhf3 Nc5 24. a3 Bd7 25. Ke1 Rhc8 26. g4 a5 27. Nd2 a4 28.
b4 Na6 29. Rg3 f6 30. g5 fxg5 31. fxg5 Rc3 32. Rhh3 Rxg3 33. Rxg3 hxg5 34. Rxg5
Kf7 35. Rg3 Rh8 36. Rg5 Rc8 37. Rg3 Rh8 38. Rh3 Be8 39. N2f3 Nc7 40. Ne2 Ke7
41. Nf4 Nb5 42. Ng5 Rh6 43. Kd2 Nd4 44. c4 dxc4 45. Kc3 Nc6 46. Ngxe6 Bd7 47.
Rg3 Bxe6 48. Rxg7+ Ke8 49. Rxb7 Nxe5 50. Rb6 Kf7 51. b5 Rf6 52. Rxe6 Rxe6 53.
Nxe6 Kxe6 54. h6 Kf6 55. b6 Kg6 56. b7 Nd7 57. Kxc4 Kxh6 58. Kb5 Kg6 59. Kxa4
Nc5+ 60. Kb5 Nxb7 61. a4 Kf6 62. Kb6 Nd6 63. Kc6 Nc4 64. Kc5 Na5 65. Kb5 Nb3
66. Kb4 Ke6 1/2-1/2

[Event "Championnat de France - Open A"]
[Site "Belfort - SNPHHUATVS"]
[Date "2010.08.12"]
[Round "3.6"]
[White "Lambert, Adrien"]
[Black "Gertosio, Franck"]
[Result "1-0"]
[WhiteElo "2078"]
[BlackElo "2130"]
[PlyCount "71"]
[EventDate "2010.??.??"]

1. e4 d6 2. d4 Nf6 3. Nc3 c6 4. f4 Qa5 5. Bd3 e5 6. Nf3 Bg4 7. Be3 Nbd7 8. O-O
Be7 9. h3 Bxf3 10. Qxf3 O-O 11. Ne2 Rfe8 12. c3 c5 13. g4 Rf8 14. Ng3 cxd4 15.
cxd4 exd4 16. Bxd4 Ne8 17. g5 g6 18. h4 Ng7 19. h5 Ne6 20. Bc3 Qc5+ 21. Kg2 b5
22. Rac1 Nxf4+ 23. Qxf4 Bxg5 24. Qg4 Bxc1 25. Qxd7 b4 26. Bf6 Bg5 27. Rf5 Bxf6
28. Rxc5 dxc5 29. hxg6 fxg6 30. e5 Bg7 31. Bc4+ Kh8 32. e6 Rfd8 33. Qc6 Rac8
34. e7 Re8 35. Qd6 Bxb2 36. Bb5 1-0

[Event "Championnat de France - Open A"]
[Site "Belfort - SNPHHUATVS"]
[Date "2010.08.12"]
[Round "3.7"]
[White "Lebret, Jean-Michel"]
[Black "Soyer, Jean-Yves"]
[Result "1-0"]
[WhiteElo "2128"]
[BlackElo "2079"]
[PlyCount "57"]
[EventDate "2010.??.??"]

1. e4 c5 2. Nc3 a6 3. g3 b5 4. Bg2 Bb7 5. d3 e6 6. Nf3 b4 7. Ne2 d5 8. exd5
Bxd5 9. O-O Nf6 10. c4 Bb7 11. d4 cxd4 12. Nexd4 Be7 13. Qe2 O-O 14. Rd1 Nbd7
15. Nxe6 fxe6 16. Qxe6+ Kh8 17. Ne5 Bxg2 18. Kxg2 Qe8 19. Nxd7 Nxd7 20. Qxd7
Qh5 21. Bf4 Rfd8 22. Qc6 Rxd1 23. Qxa8+ Rd8 24. Qf3 Qc5 25. b3 Bf6 26. Rd1 Rxd1
27. Qxd1 Bd4 28. Be3 Qc6+ 29. Qf3 1-0

[Event "Championnat de France - Open A"]
[Site "Belfort - SNPHHUATVS"]
[Date "2010.08.12"]
[Round "3.8"]
[White "Feryn, Benjamin"]
[Black "Cristofari, Antoine"]
[Result "0-1"]
[WhiteElo "2034"]
[BlackElo "2123"]
[PlyCount "70"]
[EventDate "2010.??.??"]

1. e4 e5 2. Nf3 Nc6 3. Bc4 Bc5 4. O-O Nf6 5. d4 exd4 6. e5 d5 7. exf6 dxc4 8.
fxg7 Rg8 9. Re1+ Be6 10. Ng5 Qd5 11. Qg4 O-O-O 12. Nxe6 fxe6 13. Qxe6+ Qxe6 14.
Rxe6 Rxg7 15. Nd2 Nb4 16. Nxc4 Nxc2 17. Rb1 b5 18. Nd2 Kd7 19. Re5 Kd6 20. f4
d3+ 21. Kh1 Bd4 22. Ne4+ Kc6 23. Re6+ Kd5 24. f5 Rf8 25. Bh6 Rxf5 26. Bxg7 Kxe6
27. Bxd4 Nxd4 28. Rd1 c5 29. g4 Re5 30. Nc3 c4 31. a3 a5 32. Kg2 Kd6 33. h4 b4
34. axb4 axb4 35. Na4 Kc6 0-1

[Event "Championnat de France - Open A"]
[Site "Belfort - SNPHHUATVS"]
[Date "2010.08.12"]
[Round "3.9"]
[White "Prost, Frederic"]
[Black "Schweitzer, Olaf"]
[Result "1-0"]
[WhiteElo "2122"]
[BlackElo "2035"]
[PlyCount "41"]
[EventDate "2010.??.??"]

1. d4 d5 2. c4 dxc4 3. Nf3 Nf6 4. e3 e6 5. Bxc4 c5 6. O-O a6 7. a4 Nc6 8. Nc3
cxd4 9. exd4 Nb4 10. Ne5 Be7 11. Re1 Nfd5 12. Ne4 O-O 13. Ra3 Qc7 14. Rh3 f6
15. Qh5 fxe5 16. Qxh7+ Kf7 17. Rg3 Ke8 18. Rxg7 Qxc4 19. Rxe7+ Kd8 20. Bg5 Rf6
21. Bxf6 1-0

[Event "Championnat de France - Open A"]
[Site "Belfort - SNPHHUATVS"]
[Date "2010.08.12"]
[Round "3.10"]
[White "Armand, Jerome"]
[Black "Schmitt, Fabien"]
[Result "0-1"]
[WhiteElo "2008"]
[BlackElo "2118"]
[PlyCount "64"]
[EventDate "2010.??.??"]

1. e4 c5 2. Nf3 e6 3. b3 Nc6 4. Bb2 d6 5. d4 cxd4 6. Nxd4 Nf6 7. Nxc6 bxc6 8.
e5 Ne4 9. Bd3 Qa5+ 10. Nd2 Nc5 11. Be2 d5 12. O-O Be7 13. a3 Nd7 14. c4 Qc7 15.
Re1 O-O 16. Bd3 f5 17. exf6 Bxf6 18. Qh5 h6 19. Rxe6 Bxb2 20. Rxh6 gxh6 21.
Qg6+ Bg7 22. Qh7+ Kf7 23. Bg6+ Kf6 24. Bh5 Ne5 25. f4 Bf5 26. fxe5+ Kg5 27. Bg6
Bxg6 28. h4+ Kh5 29. g4+ Kxh4 30. Qxg6 Qxe5 31. Kg2 Qg3+ 32. Kh1 Qh3+ 0-1

[Event "Championnat de France - Open A"]
[Site "Belfort - SNPHHUATVS"]
[Date "2010.08.13"]
[Round "4.1"]
[White "Ferry, Roger"]
[Black "Ricter, Jean-Paul"]
[Result "1/2-1/2"]
[WhiteElo "2063"]
[BlackElo "2083"]
[PlyCount "60"]
[EventDate "2010.??.??"]

1. d4 Nf6 2. Nf3 c5 3. e3 b6 4. Bd3 Ba6 5. Bxa6 Nxa6 6. Qe2 Nc7 7. e4 d5 8.
exd5 cxd4 9. O-O Qxd5 10. Rd1 e6 11. Rxd4 Qb7 12. Bf4 Bc5 13. Rc4 Ncd5 14. Bg5
O-O 15. Nbd2 Rac8 16. Ne4 Nxe4 17. Rxe4 h6 18. Bd2 Be7 19. c4 Nf6 20. Rh4 Rfd8
21. Bc3 b5 22. Ba5 Re8 23. cxb5 Nd5 24. Re4 Nf6 25. Rd4 Bc5 26. Rdd1 Ng4 27.
Rf1 e5 28. h3 Nf6 29. a4 e4 30. Nh2 e3 1/2-1/2

[Event "Championnat de France - Open A"]
[Site "Belfort - SNPHHUATVS"]
[Date "2010.08.13"]
[Round "4.2"]
[White "Leroy, Olivier"]
[Black "Boutteville, Cesar"]
[Result "1-0"]
[WhiteElo "2085"]
[BlackElo "2131"]
[PlyCount "105"]
[EventDate "2010.??.??"]

1. e4 e5 2. Nf3 Nc6 3. Bb5 a6 4. Ba4 Nf6 5. O-O b5 6. Bb3 Be7 7. Qe2 O-O 8. a4
b4 9. c3 Na5 10. Bc2 b3 11. Bd1 d6 12. d4 Bg4 13. Nbd2 Re8 14. Nxb3 Nxb3 15.
Bxb3 exd4 16. cxd4 Bf8 17. Bc2 c5 18. dxc5 dxc5 19. Bg5 Qb6 20. e5 g6 21. a5
Qe6 22. h3 Bxf3 23. Qxf3 Nd7 24. Rfe1 Bg7 25. Ba4 h6 26. Bf6 Rf8 27. Bxg7 Kxg7
28. Bxd7 Qxd7 29. Qf6+ Kh7 30. Rad1 Qc7 31. h4 Rae8 32. h5 Qe7 33. Qxa6 gxh5
34. Rd6 Qg5 35. Qd3+ Kh8 36. Qe4 Rg8 37. Rd5 Re6 38. f4 Qg3 39. f5 Ree8 40.
Rxc5 Rg4 41. Qe2 Reg8 42. Rc2 Rh4 43. Qe3 Qh2+ 44. Kf1 Rf4+ 45. Rf2 Qxg2+ 46.
Ke2 Qg4+ 47. Kd2 Rd8+ 48. Kc3 Rc4+ 49. Kb3 Rb8+ 50. Ka2 Ra4+ 51. Kb1 Kh7 52.
Qa7 Rg8 53. Qc5 1-0

[Event "Championnat de France - Open A"]
[Site "Belfort - SNPHHUATVS"]
[Date "2010.08.13"]
[Round "4.3"]
[White "Lambert, Adrien"]
[Black "Lebret, Jean-Michel"]
[Result "1-0"]
[WhiteElo "2078"]
[BlackElo "2128"]
[PlyCount "61"]
[EventDate "2010.??.??"]

1. e4 c5 2. Nf3 d6 3. d4 cxd4 4. Nxd4 Nf6 5. Nc3 g6 6. g3 Bg7 7. Bg2 O-O 8. O-O
Bd7 9. h3 Nc6 10. Nde2 Qc8 11. Kh2 Rd8 12. a4 Be6 13. Nd5 Bxd5 14. exd5 Na5 15.
b3 h5 16. Bg5 Qc7 17. Rc1 Nh7 18. Be3 Rac8 19. f4 Bb2 20. Be4 Bxc1 21. Bxc1 Nf6
22. Bd3 Nxd5 23. f5 gxf5 24. Rxf5 e6 25. Rxh5 f5 26. Bb2 Qc6 27. Qd2 f4 28.
Nxf4 Rf8 29. Nxd5 Qxd5 30. Qg5+ Kf7 31. Rh7+ 1-0

[Event "Championnat de France - Open A"]
[Site "Belfort - SNPHHUATVS"]
[Date "2010.08.13"]
[Round "4.4"]
[White "Cristofari, Antoine"]
[Black "Lagunes, Jean-Renaud"]
[Result "1/2-1/2"]
[WhiteElo "2123"]
[BlackElo "2074"]
[PlyCount "117"]
[EventDate "2010.??.??"]

1. e4 d6 2. d4 Nf6 3. Nc3 g6 4. f4 Bg7 5. Nf3 c5 6. Bb5+ Bd7 7. e5 Ng4 8. Bxd7+
Qxd7 9. h3 cxd4 10. Qxd4 Nh6 11. g4 Nc6 12. Qe4 O-O-O 13. Be3 f5 14. exf6 Bxf6
15. Nd5 Bxb2 16. Bxa7 Bc3+ 17. Kf1 Ba5 18. Bb6 e6 19. Bxa5 exd5 20. Qxd5 Nxa5
21. Qxa5 Qc6 22. Kf2 Rhf8 23. Rab1 Rxf4 24. Rb3 Rdf8 25. Qa3 Qc5+ 26. Kg3 Qxa3
27. Rxa3 Kb8 28. Rd1 Rc4 29. Rxd6 Rxc2 30. Nd4 Rb2 31. Rd7 Rf7 32. Rd8+ Kc7 33.
Ne6+ Kb6 34. Kh4 Re7 35. Nd4 Nf7 36. Rd5 g5+ 37. Kg3 Re1 38. Nf3 Ree2 39. Rb3+
Rxb3 40. axb3 Re3 41. Kg2 Rxb3 42. Nxg5 Nxg5 43. Rxg5 Rc3 44. h4 Rc5 45. Rg8
Kc6 46. Rh8 b5 47. Rxh7 b4 48. Rh6+ Kb5 49. Re6 b3 50. Re1 Kc4 51. g5 b2 52.
Rb1 Kc3 53. g6 Rc6 54. h5 Rc5 55. Kg3 Rxh5 56. Kg4 Rh2 57. Kg5 Kc2 58. Rxb2+
Kxb2 59. g7 1/2-1/2

[Event "Championnat de France - Open A"]
[Site "Belfort - SNPHHUATVS"]
[Date "2010.08.13"]
[Round "4.5"]
[White "Lallement, Victor"]
[Black "Prost, Frederic"]
[Result "1/2-1/2"]
[WhiteElo "2067"]
[BlackElo "2122"]
[PlyCount "26"]
[EventDate "2010.??.??"]

1. e4 c5 2. Nf3 d6 3. Bb5+ Bd7 4. Bxd7+ Qxd7 5. O-O Nc6 6. c3 Nf6 7. Re1 e6 8.
d4 cxd4 9. cxd4 d5 10. e5 Ne4 11. Nbd2 Nxd2 12. Bxd2 Be7 13. a3 O-O 1/2-1/2

[Event "Championnat de France - Open A"]
[Site "Belfort - SNPHHUATVS"]
[Date "2010.08.13"]
[Round "4.6"]
[White "Schmitt, Fabien"]
[Black "Macon, Arthur"]
[Result "1/2-1/2"]
[WhiteElo "2118"]
[BlackElo "2003"]
[Annotator "Rivier,Sylvain"]
[PlyCount "74"]
[EventDate "2010.??.??"]

1. d4 Nf6 2. Nf3 e6 3. Bg5 h6 4. Bh4 c5 5. e3 b6 6. Bd3 Bb7 7. O-O cxd4 8. exd4
Be7 9. c3 O-O 10. a4 a6 11. Nbd2 d6 12. Re1 Nbd7 13. Nc4 Re8 14. Bg3 Qc7 15.
Nfd2 Bf8 16. f4 g6 17. Nf3 Nh5 18. Qd2 Nxg3 19. hxg3 Bg7 20. Re2 Bd5 21. Ne3
Bc6 22. Ng4 h5 23. Ngh2 Qb7 24. Ng5 Nf6 25. Nhf3 Rad8 26. Qc2 Re7 27. Rae1 Rde8
28. Nxf7 Rxf7 29. Ng5 Rfe7 30. Bxg6 Rb8 31. Rxe6 Rxe6 32. Rxe6 Bd5 33. Re2 Bh6
34. Qf5 Rf8 35. Ne6 Bxe6 36. Qxe6+ Kg7 37. f5 d5 {suite illisible} 1/2-1/2

[Event "Championnat de France - Open A"]
[Site "Belfort - SNPHHUATVS"]
[Date "2010.08.13"]
[Round "4.7"]
[White "Viennot, Dylan"]
[Black "Leuly, Max"]
[Result "0-1"]
[WhiteElo "1969"]
[BlackElo "2107"]
[PlyCount "104"]
[EventDate "2010.??.??"]

1. e4 c5 2. Nc3 Nc6 3. f4 g6 4. Nf3 Bg7 5. g3 d6 6. Bg2 e6 7. d3 Nge7 8. Ne2
O-O 9. g4 f5 10. exf5 exf5 11. g5 Be6 12. c3 Re8 13. Qd2 Bf7 14. b3 Nd5 15. Bb2
Qe7 16. Kf2 Qe3+ 17. Qxe3 Nxe3 18. Rae1 Nxg2 19. Kxg2 Nb4 20. cxb4 Bxb2 21.
bxc5 dxc5 22. d4 Bd5 23. Kf2 Bxf3 24. Kxf3 Bxd4 25. Nxd4 cxd4 26. Rxe8+ Rxe8
27. Rd1 Re3+ 28. Kf2 Re4 29. Kf3 Re3+ 30. Kf2 Re4 31. Kf3 Kf7 32. Rc1 Ke6 33.
Rc8 Kd7 34. Rc1 Kd6 35. Rc8 a5 36. Rb8 Kc7 37. Ra8 b6 38. Ra7+ Kc6 39. Rxh7
Re3+ 40. Kf2 Re4 41. Kf3 d3 42. Rh8 Rd4 43. Rc8+ Kb5 44. Rc1 d2 45. Rd1 Kb4 46.
Ke3 Kc3 47. h4 Re4+ 48. Kf3 Kc2 49. Rh1 d1=Q+ 50. Rxd1 Kxd1 51. Kg3 Re3+ 52.
Kg2 Ke2 0-1

[Event "Championnat de France - Open A"]
[Site "Belfort - SNPHHUATVS"]
[Date "2010.08.13"]
[Round "4.8"]
[White "Milesi, Laurent"]
[Black "Egreteau, Eric"]
[Result "1-0"]
[WhiteElo "2148"]
[BlackElo "2010"]
[PlyCount "81"]
[EventDate "2010.??.??"]

1. f4 d5 2. Nf3 g6 3. g3 c5 4. Bg2 Nc6 5. O-O Bg7 6. d3 e6 7. c3 Nge7 8. Qc2
Qc7 9. e4 b6 10. a4 Ba6 11. Rd1 Rd8 12. Na3 dxe4 13. dxe4 Rxd1+ 14. Qxd1 O-O
15. Nb5 Rd8 16. Qe2 Qd7 17. Be3 Na5 18. Nd2 Nc8 19. e5 Bb7 20. Ne4 a6 21. Nbd6
Nxd6 22. Nxd6 Bxg2 23. Kxg2 Bf8 24. Ne4 Qc6 25. Qf3 Kg7 26. Nd2 Qd7 27. g4 Qd3
28. Re1 Qc2 29. Re2 Qxa4 30. f5 Nc4 31. Ne4 exf5 32. gxf5 Nxe3+ 33. Rxe3 Qd1
34. Qg3 Qc2+ 35. Kh3 c4 36. e6 fxe6 37. Qe5+ Kh6 38. Qf4+ Kg7 39. Qc7+ Kh6 40.
Qxd8 Bc5 41. Qh4+ 1-0

[Event "Championnat de France - Open A"]
[Site "Belfort - SNPHHUATVS"]
[Date "2010.08.13"]
[Round "4.9"]
[White "Marsala, Christophe"]
[Black "Defrance, Laurent"]
[Result "1/2-1/2"]
[WhiteElo "2009"]
[BlackElo "2190"]
[PlyCount "24"]
[EventDate "2010.??.??"]

1. e4 e5 2. Nf3 Nf6 3. Nxe5 d6 4. Nf3 Nxe4 5. d4 d5 6. Bd3 Nc6 7. Nc3 Bb4 8.
Bd2 O-O 9. O-O Bf5 10. a3 Ba5 11. Re1 Re8 12. Re3 Bxc3 1/2-1/2

[Event "Championnat de France - Open A"]
[Site "Belfort - SNPHHUATVS"]
[Date "2010.08.13"]
[Round "4.10"]
[White "Youssoupov, Moisse"]
[Black "Redon, Bruno"]
[Result "0-1"]
[WhiteElo "2004"]
[BlackElo "2137"]
[PlyCount "100"]
[EventDate "2010.??.??"]

1. d4 Nf6 2. Bf4 d6 3. e3 g6 4. Nf3 Nh5 5. Bg5 h6 6. Bh4 g5 7. Nfd2 Ng7 8. Bg3
Nf5 9. Bd3 Nxg3 10. hxg3 e6 11. c4 Bg7 12. Nc3 Qe7 13. Qe2 Nc6 14. O-O-O Bd7
15. g4 O-O-O 16. Nde4 Rhe8 17. Ng3 Qf8 18. Qf3 Ne7 19. Nh5 f5 20. gxf5 exf5 21.
g4 Bh8 22. gxf5 Nxf5 23. Nd5 Nh4 24. Qg3 c6 25. Nc3 Qf7 26. Be2 Rf8 27. Ne4 Nf5
28. Qh2 Qe7 29. Bd3 c5 30. Bc2 cxd4 31. exd4 Be8 32. c5 dxc5 33. dxc5 Rxd1+ 34.
Rxd1 Be5 35. Qh3 Bd7 36. Qa3 Kb8 37. Neg3 Bc6 38. Kb1 Nd4 39. Qa5 Nxc2 40. Kxc2
Bc7 41. Qb4 a5 42. Qd4 Bd5 43. Qe3 Qf7 44. Qd3 Bxg3 45. Qxg3+ Ka7 46. Kb1 Qf5+
47. Ka1 Qc2 48. Qd6 Rxf2 49. Rb1 g4 50. Qg3 Be4 0-1

[Event "Championnat de France - Open A"]
[Site "Belfort - SNPHHUATVS"]
[Date "2010.08.14"]
[Round "5.1"]
[White "Leuly, Max"]
[Black "Lambert, Adrien"]
[Result "1/2-1/2"]
[WhiteElo "2107"]
[BlackElo "2078"]
[PlyCount "26"]
[EventDate "2010.??.??"]

1. Nf3 g6 2. d4 Bg7 3. c4 f5 4. g3 Nf6 5. Bg2 O-O 6. O-O d6 7. Nc3 Qe8 8. b3 e5
9. dxe5 dxe5 10. e4 Nc6 11. Nd5 Qd7 12. Nxf6+ Rxf6 13. Qxd7 Bxd7 1/2-1/2

[Event "Championnat de France - Open A"]
[Site "Belfort - SNPHHUATVS"]
[Date "2010.08.14"]
[Round "5.2"]
[White "Ricter, Jean-Paul"]
[Black "Leroy, Olivier"]
[Result "1-0"]
[WhiteElo "2083"]
[BlackElo "2085"]
[PlyCount "49"]
[EventDate "2010.??.??"]

1. e4 c5 2. d4 cxd4 3. c3 Nf6 4. e5 Nd5 5. Qxd4 e6 6. Nf3 Nc6 7. Qe4 Qc7 8. a3
f5 9. Qe2 Nde7 10. Nbd2 Ng6 11. Nc4 Be7 12. h4 h5 13. Bg5 b5 14. Bxe7 bxc4 15.
Bd6 Qb6 16. Qd2 Ba6 17. Qg5 Rh6 18. Qd2 Na5 19. Rd1 Nb3 20. Qe3 Qxe3+ 21. fxe3
Ne7 22. Nd4 Nxd4 23. Rxd4 Rg6 24. Be2 O-O-O 25. Bxh5 1-0

[Event "Championnat de France - Open A"]
[Site "Belfort - SNPHHUATVS"]
[Date "2010.08.14"]
[Round "5.3"]
[White "Cristofari, Antoine"]
[Black "Ferry, Roger"]
[Result "0-1"]
[WhiteElo "2123"]
[BlackElo "2063"]
[PlyCount "96"]
[EventDate "2010.??.??"]

1. e4 e6 2. d4 c5 3. Nf3 d5 4. Nc3 Nc6 5. exd5 exd5 6. dxc5 Nf6 7. Bg5 Be6 8.
Qe2 Bxc5 9. O-O-O O-O 10. Qb5 Bxf2 11. Kb1 a6 12. Qe2 Qb6 13. Rd2 Bc5 14. Na4
Qa7 15. Nxc5 Qxc5 16. Bxf6 gxf6 17. Qf2 Qxf2 18. Rxf2 d4 19. Ne1 Kg7 20. Be2
Rfd8 21. Rhf1 Rd6 22. Rf4 Ne7 23. Nf3 Rad8 24. Nd2 Ng6 25. R4f2 Bd5 26. a3 Ne5
27. Kc1 b5 28. Rf4 Ba8 29. R4f2 Rc8 30. Kb1 d3 31. cxd3 Nxd3 32. Bxd3 Rxd3 33.
Nf3 Be4 34. Ka1 Rcd8 35. Re2 Bg6 36. Ref2 a5 37. Nh4 b4 38. axb4 axb4 39. b3
Rxb3 40. Ka2 Ra3+ 41. Kb2 Bd3 42. Rd1 Rda8 43. Rfd2 Bc4 44. Rd4 Ra2+ 45. Kc1
Ra1+ 46. Kd2 R8a2+ 47. Ke1 Re2+ 48. Kf1 Rd2+ 0-1

[Event "Championnat de France - Open A"]
[Site "Belfort - SNPHHUATVS"]
[Date "2010.08.14"]
[Round "5.4"]
[White "Macon, Arthur"]
[Black "Milesi, Laurent"]
[Result "0-1"]
[WhiteElo "2003"]
[BlackElo "2148"]
[PlyCount "80"]
[EventDate "2010.??.??"]

1. d4 e6 2. e4 d5 3. Nd2 Nc6 4. Ngf3 Nf6 5. e5 Nd7 6. c3 f6 7. exf6 Qxf6 8. Bb5
Bd6 9. O-O O-O 10. Re1 e5 11. Bxc6 bxc6 12. dxe5 Nxe5 13. Nxe5 Bxe5 14. Qe2 Bd6
15. Nb3 Bg4 16. Qf1 Qh4 17. g3 Qh5 18. Be3 Bxg3 19. Qg2 Bd6 20. Bd4 g6 21. Be5
Bxe5 22. Rxe5 Qxe5 23. Qxg4 Rf5 24. h4 Raf8 25. Rf1 Rf4 26. Qh3 Qf5 27. Qxf5
R8xf5 28. Nd4 Re5 29. f3 c5 30. Nb5 c6 31. Nxa7 Re2 32. Nxc6 Rxh4 33. Rf2 Rxf2
34. Kxf2 Rh2+ 35. Ke3 Rxb2 36. Ne7+ Kf7 37. Nxd5 Rxa2 38. Kd3 Ra4 39. Nb6 Rh4
40. Nd5 c4+ 0-1

[Event "Championnat de France - Open A"]
[Site "Belfort - SNPHHUATVS"]
[Date "2010.08.14"]
[Round "5.5"]
[White "Redon, Bruno"]
[Black "Moucheroud, Jeremy"]
[Result "1-0"]
[WhiteElo "2137"]
[BlackElo "2083"]
[PlyCount "115"]
[EventDate "2010.??.??"]

1. Nf3 Nf6 2. c4 e6 3. Nc3 Bb4 4. a3 Bxc3 5. bxc3 b6 6. g3 Bb7 7. Bg2 O-O 8.
O-O d6 9. a4 Nc6 10. d3 Na5 11. h3 Nd7 12. Ba3 c5 13. Kh2 Qc7 14. Ne1 f5 15.
Bxb7 Qxb7 16. Ng2 Rae8 17. Bc1 Kh8 18. Ra2 Qc6 19. f3 d5 20. cxd5 exd5 21. Bd2
c4 22. d4 Rf7 23. h4 Kg8 24. Nf4 Nb3 25. Kg2 Nf8 26. Rf2 Ng6 27. Nxg6 Qxg6 28.
Bf4 Qc6 29. Qh1 Qb7 30. Qb1 Qc8 31. Qb2 Re6 32. Kf1 Rb7 33. Be5 Qe8 34. Qa3 a5
35. Rb2 Qf8 36. Qa2 Qe8 37. Rb1 Qc6 38. Kg2 Qd7 39. Re1 Nc5 40. Ra1 Nb3 41. Rb1
Re8 42. Qa3 Ra8 43. Re1 Qc6 44. Kh2 Rf7 45. Qa2 Qh6 46. Bf4 Qe6 47. Rg2 h6 48.
Qc2 b5 49. axb5 a4 50. e4 fxe4 51. fxe4 a3 52. Qb1 dxe4 53. Be5 e3 54. Qe4 Raf8
55. Rxe3 Rf1 56. d5 Qc8 57. Qg6 R8f7 58. Bxg7 1-0

[Event "Championnat de France - Open A"]
[Site "Belfort - SNPHHUATVS"]
[Date "2010.08.14"]
[Round "5.6"]
[White "Prost, Frederic"]
[Black "Deslias, Gregoire"]
[Result "1/2-1/2"]
[WhiteElo "2122"]
[BlackElo "1942"]
[PlyCount "85"]
[EventDate "2010.??.??"]

1. d4 d5 2. c4 dxc4 3. Nf3 c5 4. e3 cxd4 5. exd4 Be6 6. Nc3 Nf6 7. Bg5 Nd5 8.
Be2 Nc6 9. O-O g6 10. Ne4 Bf5 11. Ng3 Be6 12. Bxc4 h6 13. Bd2 Bg7 14. Re1 O-O
15. Rxe6 fxe6 16. Qe2 Qd7 17. Qe4 Rf6 18. Ne5 Qc7 19. Ng4 Raf8 20. Nxf6+ Rxf6
21. Bxd5 exd5 22. Qxd5+ Kh7 23. Qe4 Qb6 24. Bc3 e5 25. Ne2 exd4 26. Nxd4 Rf7
27. Nf3 Bxc3 28. bxc3 Qb2 29. Rd1 Qxc3 30. h4 Qb4 31. Qe6 Re7 32. Rd7 Rxd7 33.
Qxd7+ Qe7 34. Qd3 Ne5 35. Nxe5 Qxe5 36. Qd7+ Qg7 37. Qd5 b6 38. g3 Qe7 39. Kg2
Kg7 40. Qd4+ Qf6 41. Qd7+ Qf7 42. Qd4+ Qf6 43. Qd7+ 1/2-1/2

[Event "Championnat de France - Open A"]
[Site "Belfort - SNPHHUATVS"]
[Date "2010.08.14"]
[Round "5.7"]
[White "Lagunes, Jean-Renaud"]
[Black "Schmitt, Fabien"]
[Result "0-1"]
[WhiteElo "2074"]
[BlackElo "2118"]
[PlyCount "128"]
[EventDate "2010.??.??"]

1. e4 c5 2. Nf3 Nc6 3. Bb5 g6 4. Bxc6 bxc6 5. Qe2 Bg7 6. O-O f6 7. a4 d6 8. Na3
Nh6 9. d3 Nf7 10. Rb1 O-O 11. b3 Bg4 12. Nc4 e5 13. Ne3 Bd7 14. Ba3 f5 15. Nc4
f4 16. Nfd2 Qh4 17. f3 g5 18. Qf2 Qh5 19. h3 Rfe8 20. Qe1 Bf8 21. Kf2 Nd8 22.
Na5 Qf7 23. Rh1 h5 24. Ke2 Be6 25. Ndc4 Qc7 26. Qc3 Bc8 27. Nb2 Ba6 28. Nd1 Ne6
29. Nf2 Be7 30. Nc4 Rab8 31. Nd2 d5 32. Qa1 Nd4+ 33. Kd1 Qa5 34. Bb2 Rb7 35.
Re1 Bd6 36. Qa3 Qc7 37. Qa2 Qf7 38. c4 dxc4 39. bxc4 Reb8 40. Bxd4 Rxb1+ 41.
Nxb1 cxd4 42. Re2 Bb4 43. Rb2 Bc8 44. Na3 a5 45. Nc2 c5 46. Na3 Qg6 47. Nb5 g4
48. hxg4 hxg4 49. Qb1 g3 50. Nh1 Rb7 51. Ke2 Qh6 52. Qg1 Rh7 53. Rb1 Qb6 54.
Rf1 Rh2 55. Kd1 Rh7 56. Kc2 Bd7 57. Rb1 Bxb5 58. axb5 a4 59. Ra1 Qa5 60. Nxg3
fxg3 61. Qc1 a3 62. Kb3 Bd2 63. Qxa3 Qc3+ 64. Ka2 Qc2+ 0-1

[Event "Championnat de France - Open A"]
[Site "Belfort - SNPHHUATVS"]
[Date "2010.08.14"]
[Round "5.8"]
[White "Lallement, Victor"]
[Black "Stahl, Clement"]
[Result "1/2-1/2"]
[WhiteElo "2067"]
[BlackElo "2100"]
[PlyCount "52"]
[EventDate "2010.??.??"]

1. e4 c5 2. Nf3 Nc6 3. c3 g6 4. d4 cxd4 5. cxd4 d5 6. e5 Bg4 7. Bb5 e6 8. O-O
Nge7 9. Bg5 Bxf3 10. Qxf3 Bg7 11. Qa3 h6 12. Bxe7 Qxe7 13. Bxc6+ bxc6 14. Qxe7+
Kxe7 15. Rc1 Rhc8 16. Nd2 c5 17. Rxc5 Rxc5 18. dxc5 Bxe5 19. Rb1 a5 20. Nf3 Bf6
21. b3 Rc8 22. Rc1 Bb2 23. Rc2 Ba3 24. c6 Bd6 25. Nd4 Be5 26. Nb5 Bd6 1/2-1/2

[Event "Championnat de France - Open A"]
[Site "Belfort - SNPHHUATVS"]
[Date "2010.08.14"]
[Round "5.9"]
[White "Franck, Boris"]
[Black "Papa, Kassim"]
[Result "1-0"]
[WhiteElo "2086"]
[BlackElo "1926"]
[PlyCount "44"]
[EventDate "2010.??.??"]

1. e4 c5 2. c3 e6 3. d4 d5 4. exd5 exd5 5. Nf3 Nf6 6. Bg5 Be6 7. Nbd2 Bd6 8.
Bd3 Nc6 9. dxc5 Bxc5 10. Nb3 Be7 11. O-O O-O 12. h3 Ne4 13. Bxe7 Qxe7 14. Re1
Nc5 15. Nxc5 Qxc5 16. Ng5 g6 17. Nxh7 Kxh7 18. Rxe6 Kg7 19. Qg4 Rg8 20. Rae1
Kf8 21. Qg5 Rg7 22. Qf4 f5 1-0

[Event "Championnat de France - Open A"]
[Site "Belfort - SNPHHUATVS"]
[Date "2010.08.14"]
[Round "5.10"]
[White "Lesbros, Bernard"]
[Black "Defrance, Laurent"]
[Result "0-1"]
[WhiteElo "2022"]
[BlackElo "2190"]
[PlyCount "52"]
[EventDate "2010.??.??"]

1. Nf3 d5 2. c4 e6 3. d4 Nf6 4. Qc2 dxc4 5. Qxc4 a6 6. g3 b5 7. Qc2 Bb7 8. Bg2
Nbd7 9. O-O c5 10. a4 Rc8 11. axb5 axb5 12. Qb3 b4 13. dxc5 Bxc5 14. Bg5 Qb6
15. Bxf6 Nxf6 16. Qa4+ Ke7 17. Nbd2 Ra8 18. Qb3 Bxf2+ 19. Kh1 Bd5 20. Nc4 Qc5
21. Rac1 Rhc8 22. Nfe5 Bd4 23. e4 Nxe4 24. Rxf7+ Ke8 25. Nd7 Qxc4 26. Qxc4 Rxc4
0-1